| 000 | 00599nam a2200229Ia 4500 | ||
|---|---|---|---|
| 003 | OSt | ||
| 005 | 20230403114800.0 | ||
| 008 | 210423s2009 xx 000 0 und d | ||
| 020 | _a9788176710619 | ||
| 040 | _cAL | ||
| 041 | _aeng | ||
| 082 | _a070.415 MLAH | ||
| 245 | _aMLA handbook for writers of research papers | ||
| 250 | _a7 | ||
| 260 |
_aNew Delhi _bAffiliated East West Press Ltd _c2009 |
||
| 300 |
_axxi,292 _bPB |
||
| 365 |
_b160 _cINR |
||
| 650 |
_aEditing _982550 |
||
| 650 |
_aJournalism _982551 |
||
| 906 | _ahandbook ; MLA ; papers. ; research ; writers | ||
| 942 |
_2ddc _cBK |
||
| 999 |
_c157972 _d157972 |
||